000 01673nam a2200433 i 4500
001 34851
003 KOSZ 005
005 20200124134225.0
008 200124s1974 pl a f 000 0 pol
015 _aPB 1974/7278
035 _a991032990839705066
035 _a(PL-WaBN)b18842392-48omnis_nlop
035 _ab18842392
035 _a(OCoLC)831169433
035 _a(PL)b0000001884239
035 _a(EXLNZ-48OMNIS_NETWORK)9910086251705606
040 _aWA N
_cWA N
_dKOSZ 005/RW
046 _k1974
080 _a69:725
100 1 _aKral, Leon
_eAutor
245 1 0 _aElementy budownictwa przemysłowego.
_nT. 1,
_pBudynki przemysłowe /
_cLeon Kral.
260 _aWarszawa :
_bPaństwowe Wydawnictwo Naukowe,
_c1974.
300 _a378, [2] stron, [2] karty tablic :
_bilustracje, wykresy ;
_c24 cm.
336 _aTekst
_btxt
_2rdacontent
337 _aBez urządzenia pośredniczącego
_bn
_2rdamedia
338 _aWolumin
_bnc
_2rdacarrier
380 _aKsiążki
380 _aPublikacje dydaktyczne
388 _a1901-2000
504 _aBibliografia na stronach 375-[379].
521 8 _aPodręcznik przeznaczony dla studentów wyższych szkół technicznych.
650 7 _aBudownictwo przemysłowe
_2DBN
655 7 _aPodręcznik
_2DBN
658 _aArchitektura i budownictwo
710 2 _aPaństwowe Wydawnictwo Naukowe
_4pbl
856 _uhttp://koha.tu.koszalin.pl/cgi-bin/koha/opac-detail.pl?biblionumber=34851
_yKatalog online BPK
942 _2UKD
_cKS
999 _c34851
_d34851